Prijatie nového štandardu upravujúceho vykazovanie lízingu s účinnosťou od 1. 1. 2019 a neskôr

Dňa 13. januára 2016 IASB vydala nový IFRS 16 Lízingy, nakoľko bolo vyhodnotené, že sa musí zlepšiť finančné vykazovanie lízingových zmlúv. Prijatie štandardu IFRS 16 spôsobilo zmenu v niekoľkých štandardoch a interpretáciách. Analýza konkrétnych zmien.

Uložené v:
Podrobná bibliografia
Hlavný autor: Mokošová, Daša, 1979-
Médium: Kapitola
Jazyk:Slovak
Predmet:
Tagy: Pridať tag
Žiadne tagy, Buďte prvý, kto otaguje tento záznam!

MARC

LEADER 00000nla a2200000 4500
001 0247574
005 20240502073949.6
041 0 |a slo 
044 |a SK 
245 1 0 |a Prijatie nového štandardu upravujúceho vykazovanie lízingu s účinnosťou od 1. 1. 2019 a neskôr  |c Daša Mokošová 
520 |a Dňa 13. januára 2016 IASB vydala nový IFRS 16 Lízingy, nakoľko bolo vyhodnotené, že sa musí zlepšiť finančné vykazovanie lízingových zmlúv. Prijatie štandardu IFRS 16 spôsobilo zmenu v niekoľkých štandardoch a interpretáciách. Analýza konkrétnych zmien. 
610 2 0 |a výkazy finančné 
610 2 0 |a výkazy účtovné 
610 2 0 |a štandardy účtovné medzinárodné 
610 2 0 |a lízing 
100 1 |a Mokošová, Daša, 1979-